Teach/Me Instrumentelle Analytik. Einzelplatz-Version
Uložené v:
| Hlavný autor: | |
|---|---|
| Ďalší autori: | , , |
| Médium: | Program Kniha |
| Jazyk: | English |
| Vydavateľské údaje: |
Berlin
Springer-Verlag
2003
|
| Predmet: | |
| On-line prístup: | View in OPAC |
| Tagy: |
Žiadne tagy, Buďte prvý, kto otaguje tento záznam!
|
MARC
| LEADER | 00000nam a2200000 a 4500 | ||
|---|---|---|---|
| 005 | 20260127134126.0 | ||
| 007 | co u | ||
| 008 | 051026 2003 gw 000 0 eng d | ||
| 020 | |a 3540149570 | ||
| 035 | |a vtls008305322 | ||
| 039 | 9 | |a 200510261101 |b mschk03 |c 200510261056 |d mschk03 |c 200510261052 |d mschk03 |y 200510261051 |z mschk03 | |
| 040 | |a STUSCHK1 |b slo |c STUSCHK1 |e AACR2 | ||
| 100 | 1 | |a Lohninger, H. | |
| 245 | 1 | |a Teach/Me |b Instrumentelle Analytik. Einzelplatz-Version | |
| 260 | |a Berlin |b Springer-Verlag |c 2003 | ||
| 650 | 0 | |a analytická chémia | |
| 700 | 1 | |a Fröhlich, J. | |
| 700 | 1 | |a Mizaikoff, B. | |
| 700 | 1 | |a Rosenberg, E. | |
| 910 | |a SCHK95 | ||
| 919 | |a 3-540-14957-0 | ||
| 999 | |c 4670 |d 4670 | ||